000 00499nam a2200169Ia 4500
003 OSt
005 20200610120518.0
008 190216s9999||||xx |||||||||||||| ||und||
040 _coclc
082 _a297.09
_bGIB/M
100 _aGibb, H A R
_92213
245 0 _aMohammedanism:
_b An Historical Survey /
_cH A R Gibb
260 _bOxford University Press,
_c1964.
_aNew york:
300 _a208p
650 _aIslamic History
942 _cBK
_2ddc
_h297.09
_iGIB/M
_k297.09
_mGIB/M
999 _c18636
_d18636